Fundamentals of behavioral statistics. (Record no. 224)
[ view plain ]
| 000 -LEADER | |
|---|---|
| fixed length control field | 01799cam a2200289 a 4500 |
| 001 - CONTROL NUMBER | |
| control field | 2088874 |
| 005 - DATE AND TIME OF LATEST TRANSACTION | |
| control field | 20210414113854.0 |
| 008 - FIXED-LENGTH DATA ELEMENTS--GENERAL INFORMATION | |
| fixed length control field | 950815s1996 nyua b 001 0 eng |
| 020 ## - INTERNATIONAL STANDARD BOOK NUMBER | |
| International Standard Book Number | 0070549850 (acidfree paper) |
| 040 ## - CATALOGING SOURCE | |
| Original cataloging agency | DLC |
| Transcribing agency | DLC |
| Modifying agency | DLC |
| 050 00 - LIBRARY OF CONGRESS CALL NUMBER | |
| Classification number | HA29.R85 |
| 245 00 - TITLE STATEMENT | |
| Title | Fundamentals of behavioral statistics. |
| 250 ## - EDITION STATEMENT | |
| Edition statement | 8th ed. / |
| Remainder of edition statement | Richard P. Runyon ... [et al.]. |
| 260 ## - PUBLICATION, DISTRIBUTION, ETC. | |
| Place of publication, distribution, etc. | New York : |
| Name of publisher, distributor, etc. | McGraw-Hill, |
| Date of publication, distribution, etc. | c1996. |
| 300 ## - PHYSICAL DESCRIPTION | |
| Extent | xxv, 721 p. : |
| Other physical details | ill. (some col.) ; |
| Dimensions | 24 cm. |
| 500 ## - GENERAL NOTE | |
| General note | Rev. ed. of: Fundamentals of behavioral statistics / Richard P. Runyon. 7th ed. c1991. |
| 504 ## - BIBLIOGRAPHY, ETC. NOTE | |
| Bibliography, etc. note | Includes bibliographical references and index. |
| 505 ## - FORMATTED CONTENTS NOTE | |
| Formatted contents note | Contents: The Arithmetic of uncertainty -- Basic concepts -- Exploratory data analysis, frequency distributions, and percentiles -- Measures of central tendency -- Measures of dispersion -- Graphs and tables -- Correlation -- Regression and prediction -- Probability: The Foundation of inferential statistics -- Introduction to statistical inference -- Statistical inference: Single samples -- Statistical inference: two-sample case -- An Introduction to the analysis of variance -- The Two-factor analysis of variance -- Statistical inference with nominal data -- Statistical inference: ordinally scaled variable. |
| 650 #0 - SUBJECT ADDED ENTRY--TOPICAL TERM | |
| Topical term or geographic name entry element | Social sciences |
| General subdivision | Statistical methods. |
| 700 1# - ADDED ENTRY--PERSONAL NAME | |
| Personal name | Runyon, Richard P. |
| 700 1# - ADDED ENTRY--PERSONAL NAME | |
| Personal name | Runyon, Richard P. |
| 856 42 - ELECTRONIC LOCATION AND ACCESS | |
| Materials specified | Publisher description |
| Uniform Resource Identifier | <a href="http://www.loc.gov/catdir/enhancements/fy0602/95038509-d.html">http://www.loc.gov/catdir/enhancements/fy0602/95038509-d.html</a> |
| 856 41 - ELECTRONIC LOCATION AND ACCESS | |
| Materials specified | Table of contents only |
| Uniform Resource Identifier | <a href="http://www.loc.gov/catdir/enhancements/fy0602/95038509-t.html">http://www.loc.gov/catdir/enhancements/fy0602/95038509-t.html</a> |
| 906 ## - LOCAL DATA ELEMENT F, LDF (RLIN) | |
| a | 7 |
| b | cbc |
| c | orignew |
| d | 1 |
| e | ocip |
| f | 19 |
| g | y-gencatlg |
| 942 ## - ADDED ENTRY ELEMENTS (KOHA) | |
| Source of classification or shelving scheme | Library of Congress Classification |
| Koha item type | Books |
| Withdrawn status | Lost status | Source of classification or shelving scheme | Damaged status | Not for loan | Home library | Current library | Shelving location | Date acquired | Total Checkouts | Full call number | Barcode | Date last seen | Copy number | Price effective from | Koha item type |
|---|---|---|---|---|---|---|---|---|---|---|---|---|---|---|---|
| Library of Congress Classification | WISCONSIN INTERNATIONAL UNIVERSITY COLLEGE, GHANA - MAIN LIBRARY | WISCONSIN INTERNATIONAL UNIVERSITY COLLEGE, GHANA - MAIN LIBRARY | General Stacks | 01/11/2011 | HA29.R85 | 565/11 | 01/11/2011 | 1 | 01/11/2011 | Books | |||||
| Library of Congress Classification | WISCONSIN INTERNATIONAL UNIVERSITY COLLEGE, GHANA - MAIN LIBRARY | WISCONSIN INTERNATIONAL UNIVERSITY COLLEGE, GHANA - MAIN LIBRARY | General Stacks | 01/11/2011 | HA29.R851 | 566/11 | 01/11/2011 | 2 | 01/11/2011 | Books |
